| 000 | 00505nam a2200157 a 4500 | ||
|---|---|---|---|
| 001 | 000029143 | ||
| 005 | 20200930055344.0 | ||
| 008 | 110413s1994 dr a 000 0 spa d | ||
| 040 |
_aDO-SdBNP _bspa _cBNPHU |
||
| 082 |
_axxx _bP7691u |
||
| 245 | 0 | 1 |
_aLa política : _bun desafío para el joven cristiano / _cpresentación Padre Luis Rosario. |
| 260 |
_aSanto Domingo : _bCasa de la Juventud, _c[1994?]. _fEditora Saturno |
||
| 300 |
_a41 p. : _bil. ; _c22 cm. |
||
| 700 | 1 |
_aRosario, Luis _9427 |
|
| 049 | _aBNPD | ||
| 999 |
_c28635 _d28635 |
||